00383nam a22001337a 4500003000400000008004100004020001900045082001500064100001600079245008900095260002400184300001200208650002900220OSt230420b |||||||| |||| 00| 0 eng d a97881857331711 a615.19 RAP aRAO,P.Gundu aPharmaceutical and medicinal inorganic chemistry: inorganic pharmaceutical chemistry aDelhibVallabh Pub. axvi,486 aPharmaceutical chemistry